000 00371nam a2200145Ia 4500
005 20250509071440.0
008 240331s9999 xx 000 0 und d
082 _bAMM
_a894
245 0 _aAmma
260 _aChennai
_bKalaignaan Pathippagam
_c2004
300 _a208 p .,
500 _a25 Short Stories of Sri Lankan Women Writers
700 _aJeeva, A.
_eedt
942 _cL
999 _c4386
_d4386